| 000 | 00402nam a22001457a 4500 | ||
|---|---|---|---|
| 082 | _a346.549104344 MAH | ||
| 100 | _aMahmood, M. | ||
| 245 |
_aThe Principles of Rent Laws / _cM. Mahmood |
||
| 250 | _a13th Edition. | ||
| 260 |
_aLahore : _bAl-Qanoon Publishers, _c2021. |
||
| 300 |
_a1451 p. ; _c24 cm. |
||
| 942 |
_2ddc _cBK |
||
| 999 |
_c586937 _d586937 |
||